DSP integrated circuits (Record no. 273930)

MARC details
000 -LEADER
fixed length control field 00426nam a2200169Ia 4500
005 - DATE AND TIME OF LATEST TRANSACTION
control field 20240703095443.0
008 - FIXED-LENGTH DATA ELEMENTS--GENERAL INFORMATION
fixed length control field 240126s9999 xx 000 0 und d
020 ## - INTERNATIONAL STANDARD BOOK NUMBER
International Standard Book Number 9789381269442
082 ## - DEWEY DECIMAL CLASSIFICATION NUMBER
Classification number 621.38481 WAN;1 R
100 ## - MAIN ENTRY--PERSONAL NAME
Personal name Wanhammar, Lars.
245 #0 - TITLE STATEMENT
Title DSP integrated circuits
260 ## - PUBLICATION, DISTRIBUTION, ETC. (IMPRINT)
Name of publisher, distributor, etc. Elsevier
Place of publication, distribution, etc. New Delhi
Date of publication, distribution, etc. 1999
300 ## - PHYSICAL DESCRIPTION
Extent xiii, 561
440 ## - SERIES STATEMENT/ADDED ENTRY--TITLE
Title NULL
650 ## - SUBJECT ADDED ENTRY--TOPICAL TERM
Topical term or geographic name as entry element DSP,integrated,circuits
942 ## - ADDED ENTRY ELEMENTS (KOHA)
Koha item type PESU Books
Holdings
Date last seen Total Checkouts Full call number Accession number Old discount Volume/Issue Number Cost, replacement price Price effective from Category Lost status Damaged status Department Withdrawn status bill no. Permanent Location Current Location Shelving location Entry date Vendor Cost, normal purchase price Grants Currency symbol Conversion rate Discount Discount type
26/01/2024   621.38481 WAN;1 R PU2560 28 (21/06/1905) 378.00 26/01/2024 PESU Books     Central Library   BA/2014/CR/0002593 Central Library Central Library Central Library 05/12/2014 Allied publ. 525.00 EC RS 1 147 Rupees
26/01/2024   621.38481 WAN;2 R1 PU2561 28 (21/06/1905) 378.00 26/01/2024 PESU Books     Central Library   BA/2014/CR/0002593 Central Library Central Library Central Library 05/12/2014 Allied publ. 525.00 EC RS 1 147 Rupees

© For any Suggestions or Query, please contact the library staff @ librarian@pes.edu or Phone: +9180 2672 1983/ 2108.